| Tag |
First Indicator |
Second Indicator |
Subfields |
| LEADER |
00000cam a22000008i 4500 |
| 001 |
in00000613607 |
| 005 |
20151015050249.0 |
| 008 |
771019s1978 nyu b 00110 eng |
| 010 |
|
|
|a 77083354
|
| 020 |
|
|
|a 0824098412 :
|c $18.00
|
| 035 |
|
|
|a (OCoLC)03413854
|
| 035 |
|
|
|9 ACS8818AM
|
| 040 |
|
|
|a DLC
|c DLC
|d TXA
|d UtOrBLW
|
| 049 |
|
|
|a TXAM
|c [1400961]
|
| 050 |
0 |
0 |
|a Z8568.8
|b .O44
|a PR5013
|
| 100 |
1 |
|
|a Olmsted, John Charles.
|
| 245 |
1 |
0 |
|a George Meredith :
|b an annotated bibliography of criticism, 1925-1975 /
|c John Charles Olmsted.
|
| 264 |
|
1 |
|a New York :
|b Garland Pub.,
|c 1978.
|
| 300 |
|
|
|a xix, 158 pages ;
|c 22 cm.
|
| 336 |
|
|
|a text
|b txt
|2 rdacontent
|
| 337 |
|
|
|a unmediated
|b n
|2 rdamedia
|
| 338 |
|
|
|a volume
|b nc
|2 rdacarrier
|
| 490 |
1 |
|
|a Garland reference library of the humanities ;
|v v. 99
|
| 500 |
|
|
|a Includes indexes.
|
| 600 |
1 |
0 |
|a Meredith, George,
|d 1828-1909
|x Bibliography.
|
| 830 |
|
0 |
|a Garland reference library of the humanities ;
|v v. 99.
|
| 999 |
|
|
|a MARS
|
| 999 |
f |
f |
|s 6e32f93b-7431-3c52-8829-f5856b59c92f
|i c39afe43-3a79-3ab7-8607-612b34d1daed
|t 0
|
| 952 |
f |
f |
|p ric
|a Texas A&M University
|b Rellis Campus
|c Joint Library Facility
|d Remote Storage
|t 0
|e Z8568.8 .O44
|h Library of Congress classification
|i unmediated -- volume
|m A14805824294
|
| 998 |
f |
f |
|a Z8568.8 .O44
|t 0
|l Remote Storage
|